000 00274nam a2200109Ia 4500
008 220204s9999 xx 000 0 und d
082 _a621.3(035)
_bBHA
100 _aBhatia, S L
245 0 _aHandbook of electrical engineering
260 _aDelhi
_bKhanna
_c1976
942 _cBK
999 _c31199
_d31199